000 00584nam a2200241Ia 4500
008 181129s9999 xx 000 0 und d
020 _a9780007902231
050 _bD228 2011
100 _aDarwin, Charles
245 4 _aThe origin of species /
245 0 _cby Charles Darwin.
260 _aNew York, NY :
260 _bCollins Classics,
260 _c2011
300 _a604 pages :
300 _billustrations ;
300 _c18cm.
440 _aCollins classics.
650 _aEvolution.
650 _aNatural selection.
700 _aSeries.
700 _aTitle.
999 _c360152
_d360152